000 00851nam a2200265Ia 4500
003 OSt
005 20221005133543.0
006 a|||||r|||| 00| 0
007 ta
008 221004b |||||||| |||| 00| 0 san d
020 _c200
024 _a90608
037 _b1612, 05/02/2008, Vidyanidhi Prakashan
_cTextual
040 _aCRL
_cCRL
_bsan
041 _2san
_asan
082 _aQ122:24, 15P6
100 _aशर्मा, राजेन्द्र प्रसाद
245 0 _aकठोपनिषद्
246 _aKaṭhopaniṣhad
260 _c2006
300 _a228चण्
_ccm.
650 _aभारतीय दर्शन
942 _hQ122:24, 15P6
_cTEXL
_2cc
999 _c1067188
_d1067188